Statistiques concernant Cours d'italien 2 - Nourritures

Cliquez ici pour prendre le quiz!

Statistiques générales

  • Ce quiz a été pris 98 fois
  • Le résultat moyen est 14 sur 32

Statistiques - réponses

FranceseItaliano% Correct
PâtesPasta
100%
SpaghettiSpaghetti
92%
MozzarellaMozzarella
79%
PainPane
73%
RizRiso
69%
ViandeCarne
66%
PouletPollo
65%
PoissonPesce
63%
SauceSalsa / sugo
63%
FromageFormaggio
58%
SelSale
55%
BeurreBurro
54%
SucreZucchero
54%
ThonTonno
51%
NourritureCibo
46%
FarineFarina
45%
FruitFrutta
45%
BiscuitBiscotto
42%
SaladeInsalata
42%
OeufUova
37%
CéréalesCereali
31%
JambonProscuitto
31%
LégumesVerdura
31%
Confiture / marmeladeMarmellata
28%
SaucisseSalsiccia
28%
SoupeZuppa
25%
DessertDolci
15%
OmeletteFrittata
8%
LardPancetta
8%
SaucissonSalame
8%
TartineFette biscottate
0%
TarteSformato
0%

Distribution des résultats

Percentile par nombre de réponses

% des personnes avec chaque résultat

Votre développement - résultats

Vous n’avez pas pris ce quiz